<?xml version="1.0" encoding="UTF-8"?><?xml-stylesheet type="text/xsl" href="static/style.xsl"?><OAI-PMH xmlns="http://www.openarchives.org/OAI/2.0/" xmlns:xsi="http://www.w3.org/2001/XMLSchema-instance" xsi:schemaLocation="http://www.openarchives.org/OAI/2.0/ http://www.openarchives.org/OAI/2.0/OAI-PMH.xsd"><responseDate>2026-04-18T02:24:45Z</responseDate><request verb="GetRecord" identifier="oai:riubu.ubu.es:10259/7795" metadataPrefix="marc">https://riubu.ubu.es/oai/request</request><GetRecord><record><header><identifier>oai:riubu.ubu.es:10259/7795</identifier><datestamp>2025-05-19T22:42:17Z</datestamp><setSpec>com_10259_2699</setSpec><setSpec>col_10259_2703</setSpec></header><metadata><record xmlns="http://www.loc.gov/MARC21/slim" xmlns:doc="http://www.lyncode.com/xoai" xmlns:xsi="http://www.w3.org/2001/XMLSchema-instance" xmlns:dcterms="http://purl.org/dc/terms/" xsi:schemaLocation="http://www.loc.gov/MARC21/slim http://www.loc.gov/standards/marcxml/schema/MARC21slim.xsd">
<leader>00925njm 22002777a 4500</leader>
<datafield tag="042" ind1=" " ind2=" ">
<subfield code="a">dc</subfield>
</datafield>
<datafield tag="720" ind1=" " ind2=" ">
<subfield code="a">Sevilla Miguel, Jesús</subfield>
<subfield code="e">author</subfield>
</datafield>
<datafield tag="260" ind1=" " ind2=" ">
<subfield code="c">2021</subfield>
</datafield>
<datafield tag="520" ind1=" " ind2=" ">
<subfield code="a">Las redes sociales virtuales son en la actualidad un fenómeno que arrasa entre toda la población&#xd;
y en especial, entre los adolescentes. Estos comienzan a utilizarlas de forma prematura sin&#xd;
recibir una formación previa en un uso adecuado.&#xd;
Esta tesis realiza una revisión bibliográfica del uso y abuso que hacen los menores de las redes&#xd;
sociales virtuales, y de la formación que recibe el alumnado de 6º E.P.O. Además, se diseña y&#xd;
aplica el programa preventivo “ENREDADOS” que tiene como finalidad contribuir en el uso&#xd;
adecuado de las redes sociales virtuales en el alumnado de 6º E.P.O.&#xd;
La investigación arroja datos relacionados con el uso realizado por la muestra, el abuso y los&#xd;
conocimientos que tienen antes y después de la intervención. Las conclusiones obtenidas&#xd;
confirman la eficacia del programa preventivo al obtener mejores puntuaciones el alumnado&#xd;
que ha recibido el programa respecto al alumnado que no lo ha recibido.</subfield>
</datafield>
<datafield tag="024" ind2=" " ind1="8">
<subfield code="a">http://hdl.handle.net/10259/7795</subfield>
</datafield>
<datafield tag="024" ind2=" " ind1="8">
<subfield code="a">10.36443/10259/7795</subfield>
</datafield>
<datafield ind1=" " ind2=" " tag="653">
<subfield code="a">Redes sociales</subfield>
</datafield>
<datafield ind1=" " ind2=" " tag="653">
<subfield code="a">Adolescencia</subfield>
</datafield>
<datafield ind1=" " ind2=" " tag="653">
<subfield code="a">Uso</subfield>
</datafield>
<datafield ind1=" " ind2=" " tag="653">
<subfield code="a">Abuso</subfield>
</datafield>
<datafield ind1=" " ind2=" " tag="653">
<subfield code="a">Formación</subfield>
</datafield>
<datafield ind1=" " ind2=" " tag="653">
<subfield code="a">Social networks</subfield>
</datafield>
<datafield ind1=" " ind2=" " tag="653">
<subfield code="a">Adolescence</subfield>
</datafield>
<datafield ind1=" " ind2=" " tag="653">
<subfield code="a">Use</subfield>
</datafield>
<datafield ind1=" " ind2=" " tag="653">
<subfield code="a">Abuse</subfield>
</datafield>
<datafield ind1=" " ind2=" " tag="653">
<subfield code="a">Training</subfield>
</datafield>
<datafield tag="245" ind1="0" ind2="0">
<subfield code="a">Uso, abuso y percepción de las redes sociales virtuales en el alumnado de 6º E.P.O. Diseño, aplicación y evaluación del programa preventivo “ENREDADOS” para el uso responsable de las redes sociales virtuales</subfield>
</datafield>
</record></metadata></record></GetRecord></OAI-PMH>